Κατάλογος Βιβλιοθηκών Mediterranean College

Θεωρίες της Γλώσσας - Θεωρίες της Μάθησης / Μια Διαμάχη (Record no. 3238)

MARC details
000 -LEADER
fixed length control field 01613cam a22002414a 4500
005 - ΗΜΕΡΟΜΗΝΙΑ ΚΑΙ ΩΡΑ ΤΕΛΕΥΤΑΙΑΣ ΕΝΗΜΕΡΩΣΗΣ
Πεδίο ελέγχου 20250605164109.0
008 - FIXED-LENGTH DATA ELEMENTS--GENERAL INFORMATION
Πεδίο ελέγχου σταθερού μήκους 250528s ||||||||||||||||||||||||d
035 ## - SYSTEM CONTROL NUMBER
System control number 17838
020 ## - ISBN
ISBN 9789608392779
040 ## - ΠΗΓΗ ΚΑΤΑΛΟΓΟΓΡΑΦΗΣΗΣ
Φορέας πρωτότυπης καταλογογράφησης MC Athens Campus Library
Γλώσσα καταλογογράφησης Ελληνικά, Μοντέρνα (1453-)
Modifying agency MC Athens Campus Library
Κανόνες περιγραφικής καταλογογράφησης AACR2
245 1# - ΤΙΤΛΟΣ ΚΑΙ ΔΗΛΩΣΗ ΥΠΕΥΘΥΝΟΤΗΤΑΣ
Τίτλος Θεωρίες της Γλώσσας - Θεωρίες της Μάθησης / Μια Διαμάχη
260 ## - PUBLICATION, DISTRIBUTION, ETC.
Name of publisher, distributor, etc. Νήσος,
Date of publication, distribution, etc. 2009
300 ## - PHYSICAL DESCRIPTION
Extent 120
520 ## - SUMMARY, ETC.
Summary, etc. Το βιβλίο αυτό αποτελεί μια ξεχωριστή μαρτυρία: είναι η πρώτη και μοναδική συνάντηση μεταξυ του ιδρυτή της γενετικής επιστημολογίας και του ιδρυτή της γενετικής γλωσσολογίας, δύο συστημάτων που ενέπνευσαν αναρίθμητα επιστημονικά έργα. Εισαγωγή, Πρόλογος στο Κείμενο του Πιαζέ, Η Ψυχογένεση των Γνώσεων και η Επιστημονική της Σημασία, Σχετικά με τις Γνωσιακές Δομές και την Ανάπτυξη τους: μια απάντηση στον Πιαζέ, Κατασκευή και Αλλαγή της Γνώσης: Η Γενετική και Μεταθετικιστική Επιστημολογία.
700 1# - ΠΡΟΣΘΕΤΗ ΑΝΑΓΡΑΦΗ--ΦΥΣΙΚΟ ΠΡΟΣΩΠΟ
Personal name Κονδύλη Μαριάννα
9 (RLIN) 4117
700 1# - ΠΡΟΣΘΕΤΗ ΑΝΑΓΡΑΦΗ--ΦΥΣΙΚΟ ΠΡΟΣΩΠΟ
Personal name Κουζέλης Γ
9 (RLIN) 4118
700 1# - ΠΡΟΣΘΕΤΗ ΑΝΑΓΡΑΦΗ--ΦΥΣΙΚΟ ΠΡΟΣΩΠΟ
Personal name Μαράτου Ο'
9 (RLIN) 4119
700 1# - ΠΡΟΣΘΕΤΗ ΑΝΑΓΡΑΦΗ--ΦΥΣΙΚΟ ΠΡΟΣΩΠΟ
Personal name Πιαζέ Ζαν
9 (RLIN) 4120
700 1# - ΠΡΟΣΘΕΤΗ ΑΝΑΓΡΑΦΗ--ΦΥΣΙΚΟ ΠΡΟΣΩΠΟ
Personal name Τσόμσκι Νόαμ
9 (RLIN) 4121
942 ## - ADDED ENTRY ELEMENTS (KOHA)
Koha item type Books
Holdings
Τύπος τεκμηρίου Βιβλιοθήκη Τρέχουσα τοποθεσία Barcode Αριθμός εισαγωγής Ημερομηνία απόκτησης Ταξιθετικό σύμβολο Αριθμός αντιτύπου Κατάσταση απόσυρσης Κατάσταση χαμένου Κατάσταση κατεστραμμένου Μη δανεισμός Σύνολο δανεισμών Ημερομηνία τελευταίας εμφάνισης Η τιμή ισχύει από
Books MC Athens Campus Library MC Athens Campus Library 9780000032379 7298 05/06/2025 401.9 PIA 1           05/06/2025 05/06/2025

MC Athens Campus Library
Πατησίων 94 & Κοδριγκτώνος 13, 104 34
Πελλήνης 8 & Πατησίων 107, 112 51
Τ: +30 210 8899600

MC Thessaloniki Campus Library
Ίωνος Δραγούμη 21, 54625 | Ίωνος Δραγούμη 15, 54625
Τ: +30 2310 287779 – Τ: +30 2314 440300